| 000 | 00716nam a2200241Ia 4500 | ||
|---|---|---|---|
| 001 | 3028 | ||
| 003 | GE_BSU | ||
| 008 | 181216s||||||||xx |||||||||||||| ||und|| | ||
| 020 | _a5318005489 | ||
| 040 | _cGE_BSU | ||
| 080 | _a330.101(075.8) | ||
| 100 | _aРоберт С. Пиндайк, Дэниел Л. Рубинфельд | ||
| 245 | _aМикроэкономика | ||
| 245 | _b5-е международное издание, Microeconomics | ||
| 245 | _cпер. с. англ: С. Жильцов, А. Железниченко | ||
| 260 | _aСПб | ||
| 260 | _b«Питер» | ||
| 260 | _c2002 | ||
| 300 | _a608 с. | ||
| 541 | _h28 л. 60 т. | ||
| 653 | _aМикроэкономика | ||
| 942 | _cBK | ||
| 999 |
_c37074 _d37074 |
||